Ibrahim v Dovecorn Reversions Ltd and others (Record no. 67893)

MARC details
000 -LEADER
fixed length control field 01522cam a2200241 4500
001 - CONTROL NUMBER
control field ABS64289
008 - FIXED-LENGTH DATA ELEMENTS--GENERAL INFORMATION
fixed length control field 010803n2001 000 0 eng u
035 ## - SYSTEM CONTROL NUMBER
System control number (Sirsi) u113939
245 ## - TITLE STATEMENT
Title Ibrahim v Dovecorn Reversions Ltd and others
260 ## - PUBLICATION, DISTRIBUTION, ETC.
Date of publication, distribution, etc. 2001
490 ## - SERIES STATEMENT
Series statement Estates Gazette Law Reports
Volume/sequential designation [2001] 30 EG 116-123(8)
520 ## - SUMMARY, ETC.
Summary, etc. ChD 9 March 2001. I was the lessee of flat 8, a second floor flat owned by the landlord D. Directly above the flat were flats 9 and 10. Part of the interior of flat 8 lay underneath the roof terrace serving 9 and 10. For several years water percolated from the terrace into flat 8 below. In July 1998 I brought proceedings against D. D contended that the water penetration was caused by defects in the roof terraces serving 9 and 10 and denied liability. The claimant I then amended his claim and joined the second and third defendants. The judge decided the whole of the roof terrace was part of the main structure of the building and so the repairing obligation fell on D. D was ordered to pay the costs to I and the defendants, under the Landlord and Tenant Act 1985 s20C. D appealed. "Held" subject to a small qualification, the appeal was dismissed.
590 ## - LOCAL NOTE (RLIN)
Local note ABS
650 ## - SUBJECT ADDED ENTRY--TOPICAL TERM
Topical term or geographic name entry element IBRAHIM V DOVECORN REVERSIONS LTD
650 ## - SUBJECT ADDED ENTRY--TOPICAL TERM
Topical term or geographic name entry element REPAIRS
650 ## - SUBJECT ADDED ENTRY--TOPICAL TERM
Topical term or geographic name entry element REPAIRING LIABILITY
650 ## - SUBJECT ADDED ENTRY--TOPICAL TERM
Topical term or geographic name entry element LANDLORD AND TENANT ACT 1985 S20C
650 ## - SUBJECT ADDED ENTRY--TOPICAL TERM
Topical term or geographic name entry element COSTS
650 ## - SUBJECT ADDED ENTRY--TOPICAL TERM
Topical term or geographic name entry element ROOF TERRACE
650 ## - SUBJECT ADDED ENTRY--TOPICAL TERM
Topical term or geographic name entry element FLATS
690 ## - LOCAL SUBJECT ADDED ENTRY--TOPICAL TERM (OCLC, RLIN)
Topical term or geographic name as entry element LANDLORD AND TENANT-RESIDENTIAL TENANCIES-CASE LAW
942 ## - ADDED ENTRY ELEMENTS (KOHA)
Suppress in OPAC 0
Holdings
Withdrawn status Lost status Source of classification or shelving scheme Damaged status Not for loan Home library Current library Shelving location Date acquired Total Checkouts Full call number Barcode Date last seen Copy number Price effective from Koha item type
    Dewey Decimal Classification     London London Journal article 03/08/2001   ABS64289 113939-1001 06/08/2019 1 06/08/2019 Law report